Statystyki dla Języki urzędowe tych krajów (Oceania)

Kliknij tutaj aby rozwiązać quiz!

Ogólne statystyki

  • Ten quiz został rozwiązany 33 razy
  • Średni wynik to 14 z 14

Statystyki odpowiedzi

PaństwoJęzyk% Poprawnych
AustraliaAngielski
100%
Nowa zelandiaAngielski / maoryjski / nowozelandzki
100%
MikronezjaAngielski
97%
Wyspy SalomonaAngielski
97%
FidżiAngielski / Fidżyjski / Hindustani
97%
KiribatiAngielski / Kiribati
97%
Wyspy marshallaAngielski / Marszalski
97%
NauruAngielski / Nauru
97%
PalauAngielski / Palau / Japoński
97%
SamoaAngielski / Samoański
97%
VanuatuBislama / Francuski / Angielski
97%
TongaTonga / Angielski
97%
TuvaluTuvalu / Angielski
97%
PNGAngielski / tok pisin / hiri motu
93%

Rozkład punktacji

Percentyl według liczby udzielonych odpowiedzi

Procent ludzi z każdym wynikiem

Twoja historia wyników

Nie rozwiązałeś tego quizu